All Countries of the World from Closest to Furthest from Equator - Statistics

General Stats
  • This quiz has been taken 6,407 times
  • The average score is 56 of 196
Answer Stats
DIST - LAT I COUNTRY % Correct
Equator B Brazil
96%
Equator C Colombia
91%
Equator E Ecuador
91%
Equator D Democratic Republic of the Congo
87%
Equator I Indonesia
87%
Equator K Kenya
86%
Equator G Gabon
83%
Equator U Uganda
82%
Equator R Republic of the Congo
73%
4 - 00°02'S P Peru
70%
13 - 00°07'N K Kiribati
69%
Equator S Somalia
68%
73 - 00°40'N V Venezuela
68%
Equator S São Tomé and Príncipe
61%
98 - 00°53'N E Equatorial Guinea
59%
55 - 00°30'S N Nauru
57%
116 - 01°03'S R Rwanda
57%
108 - 00°59'S T Tanzania
55%
93 - 00°51'N M Malaysia
53%
20 - 00°10'S M Maldives
53%
130 - 01°11'N G Guyana
52%
112 - 01°01'N F Federated States of Micronesia
51%
127 - 01°09'N S Singapore
49%
138 - 01°15'S P Papua New Guinea
48%
254 - 02°18'S B Burundi
45%
182 - 01°39'N C Cameroon
45%
202 - 01°50'N S Suriname
45%
375 - 03°24'N E Ethiopia
43%
245 - 02°13'N C Central African Republic
42%
910 - 08°14'S Z Zambia
41%
331 - 03°00'N P Palau
40%
385 - 03°29'N S South Sudan
39%
7019 - 63°17'N I Iceland
37%
6598 - 59°30'N F Finland
36%
486 - 04°24'S A Angola
35%
6048 - 54°34'N D Denmark
35%
6377 - 57°31'N E Estonia
35%
6171 - 55°40'N L Latvia
35%
5974 - 53°54'N L Lithuania
35%
473 - 04°17'N N Nigeria
35%
6425 - 57°57'N N Norway
35%
410 - 03°43'S S Seychelles
35%
930 - 08°25'N V Vietnam
35%
1339 - 12°07'N Y Yemen
35%
5694 - 51°23'N I Ireland
34%
6134 - 55°20'N S Sweden
34%
5524 - 49°51'N U United Kingdom
34%
442 - 04°00'N B Brunei
33%
480 - 04°21'N L Liberia
33%
5611 - 50°45'N N Netherlands
33%
5679 - 51°15'N B Belarus
32%
5485 - 49°30'N B Belgium
32%
744 - 06°44'N I India
32%
5479 - 49°27'N L Luxembourg
32%
488 - 04°25'N P Philippines
32%
523 - 04°44'N G Ghana
31%
5429 - 49°00'N P Poland
31%
1727 - 15°37'S Z Zimbabwe
31%
5238 - 47°17'N G Germany
30%
5068 - 45°45'N H Hungary
30%
2708 - 24°29'N Q Qatar
30%
621 - 05°37'N T Thailand
30%
5138 - 46°23'N A Austria
29%
689 - 06°14'N B Benin
29%
5212 - 47°03'N L Liechtenstein
29%
1841 - 16°39'N O Oman
29%
794 - 07°11'N P Panama
29%
676 - 06°07'N T Togo
29%
5288 - 47°44'N S Slovakia
28%
4916 - 44°23'N U Ukraine
28%
4640 - 41°54'N V Vatican City
28%
4577 - 41°20'N F France
27%
4697 - 41°85'N K Kosovo
27%
504 - 04°34'N M Marshall Islands
27%
5036 - 45°28'N M Moldova
27%
4833 - 43°38'N R Romania
27%
654 - 05°55'N S Sri Lanka
27%
5077 - 45°50'N S Switzerland
27%
624 - 05°39'S T Tuvalu
27%
5379 - 48°33'N C Czech Republic
26%
919 - 08°19'S E East Timor
26%
796 - 07°12'N G Guinea
26%
3229 - 29°11'N J Jordan
26%
5031 - 45°25'N S Slovenia
26%
4699 - 42°26'N A Andorra
25%
1024 - 09°16'S A Australia
25%
888 - 08°02'N C Costa Rica
25%
481 - 04°21'N C Côte d'Ivoire
25%
4492 - 40°34'N K Kazakhstan
25%
576 - 05°13'S S Solomon Islands
25%
4714 - 42°34'N B Bosnia and Herzegovina
24%
823 - 07°27'N C Chad
24%
4694 - 42°23'N C Croatia
24%
1957 - 17°42'N J Jamaica
24%
4844 - 43°44'N M Monaco
24%
4862 - 43°54'N S San Marino
24%
4679 - 42°15'N S Serbia
24%
1450 - 13°07'S V Vanuatu
24%
1068 - 09°40'S B Bolivia
23%
2258 - 20°25'N J Japan
23%
4337 - 39°10'N K Kyrgyzstan
23%
1035 - 09°22'S M Malawi
23%
766 - 06°56'N S Sierra Leone
23%
1109 - 10°02'N T Trinidad and Tobago
23%
4116 - 37°11'N U Uzbekistan
23%
4300 - 38°50'N A Armenia
22%
4251 - 38°24'N A Azerbaijan
22%
1207 - 10°55'N D Djibouti
22%
1382 - 12°30'S F Fiji
22%
4546 - 41°03'N G Georgia
22%
1435 - 12°59'N H Honduras
22%
2771 - 25°03'35"N I Iran
22%
3930 - 35°30'N I Italy
22%
4634 - 41°51'N M Montenegro
22%
1039 - 09°24'N B Burkina Faso
21%
4616 - 41°41'N C Canada
21%
438 - 03°58'N C China
21%
4560 - 41°11'N R Russia
21%
4059 - 36°40'N T Tajikistan
21%
3965 - 35°49'N T Turkey
21%
4390 - 39°39'N A Albania
20%
4568 - 41°15'N B Bulgaria
20%
1144 - 10°21'N C Cambodia
20%
1992 - 18°01'N H Haiti
20%
3216 - 29°04'N I Iraq
20%
1124 - 10°10'N M Mali
20%
4603 - 41°34'N M Mongolia
20%
1185 - 10°43'N N Nicaragua
20%
2503 - 22°38'N U United Arab Emirates
20%
3854 - 34°49'N G Greece
19%
1201 - 10°52'N G Guinea-Bissau
19%
3264 - 29°30'N I Israel
19%
3961 - 35°47'N M Malta
19%
4181 - 37°46'N N North Korea
19%
3586 - 32°24'N P Portugal
19%
3891 - 35°09'N T Turkmenistan
19%
2091 - 18°54'N U United States
19%
3329 - 30°05'S U Uruguay
19%
2828 - 25°34"N B Bahrain
18%
1257 - 11°22'S C Comoros
18%
1367 - 12°22'N E Eritrea
18%
3157 - 28°32'N K Kuwait
18%
3658 - 33°03'N L Lebanon
18%
1151 - 10°25'S M Mauritius
18%
1155 - 10°27'S M Mozambique
18%
1293 - 11°42'N N Niger
18%
3826 - 34°34'N C Cyprus
17%
1681 - 15°12'N D Dominica
17%
1931 - 17°28'N D Dominican Republic
17%
1454 - 13°09'N E El Salvador
17%
1325 - 11°59'N G Grenada
17%
1518 - 13°44'N G Guatemala
17%
4525 - 40°52'N M Macedonia
17%
1341 - 12°08'S M Madagascar
17%
1273 - 11°31'N S Sudan
17%
1441 - 13°02'N B Barbados
16%
1386 - 12°32'N S Saint Vincent and the Grenadines
16%
3663 - 33°06'N S South Korea
16%
3576 - 32°19'N S Syria
16%
1148 - 10°23'N T Taiwan
16%
3251 - 29°23'N A Afghanistan
15%
1871 - 16°55'N A Antigua and Barbuda
15%
2411 - 21°48'S A Argentina
15%
1756 - 15°53'N B Belize
15%
1061 - 09°36'N B Burma
15%
1915 - 17°19'S C Chile
15%
1445 - 13°04'N G Gambia
15%
1539 - 13°55'N L Laos
15%
1607 - 14°32'N M Mexico
15%
3233 - 29°13'S N New Zealand
15%
2622 - 23°42'N P Pakistan
15%
2162 - 19°33'S P Paraguay
15%
1515 - 13°42'N S Saint Lucia
15%
1360 - 12°18'N S Senegal
15%
1725 - 15°36'S T Tonga
15%
3347 - 30°15'N T Tunisia
15%
2097 - 18°58'N A Algeria
14%
1965 - 17°46'S B Botswana
14%
3161 - 28°34'S L Lesotho
14%
1627 - 14°43'N M Mauritania
14%
1872 - 16°56'S N Namibia
14%
1891 - 17°06'N S Saint Kitts and Nevis
14%
1483 - 13°25'S S Samoa
14%
2470 - 22°20'S S South Africa
14%
3057 - 27°38'N S Spain
14%
2956 - 26°43'N B Bhutan
13%
2193 - 19°50'N C Cuba
13%
2404 - 21°44'N E Egypt
13%
2157 - 19°30'N L Libya
13%
2917 - 26°22'N N Nepal
13%
1778 - 16°05'N S Saudi Arabia
13%
2313 - 20°55'N B Bahamas
12%
2299 - 20°47'N M Morocco
12%
2847 - 25°44'S S Swaziland
12%
2275 - 20°34'N B Bangladesh
11%
1636 - 14°48'N C Cape Verde
11%
No matching quizzes found
Score Distribution
Percent of People with Each Score
Percentile by Number Answered
Your Score History
You have not taken this quiz